| 000 | 01403cam a2200133 4500500 | ||
|---|---|---|---|
| 005 | 20260329023202.0 | ||
| 041 | _afre | ||
| 042 | _adc | ||
| 100 | 1 | 0 |
_aCheynet, Jean-Claude _eauthor |
| 245 | 0 | 0 | _aByzance : L'Empire romain d'Orient |
| 260 |
_bArmand Colin,
_c2021. |
||
| 520 | _aL’Empire romain d’Orient a vu le jour sur les rives du Bosphore, lorsque Constantin, premier empereur chrétien, fonda la nouvelle Rome, Constantinople. Pendant un millénaire, dans la continuité avec les institutions romaines, une civilisation brillante s’y est développée, au carrefour de l’Europe et de l’Asie. Elle a ainsi participé à la formation de l’Europe moderne, en conservant un État qui, ailleurs, s’était décomposé, en transmettant le droit, en maintenant tant bien que mal des relations avec le monde méditerranéen chrétien et musulman. Mais surtout, malgré les crises, elle a forgé un modèle politique, celui de la monarchie de droit divin. Byzance a laissé un triple héritage, temporel, qui passa aux Turcs, spirituel, qui resta aux peuples orthodoxes, et intellectuel, dont profita surtout l’Occident. Politique, militaire, économique, religieuse, intellectuelle et artistique, c’est toute la richesse de cet Empire que s’attache à présenter ici l’auteur. | ||
| 856 | 4 | 1 | _uhttps://shs.cairn.info/byzance--9782200632182?lang=fr&redirect-ssocas=7080 |
| 999 |
_c1925332 _d1925333 |
||